[Event "DVM U14 2024"]
[Site "Heidelberg GER"]
[Date "2024.12.30"]
[Round "7"]
[White "Shevchenko, Igor"]
[Black "Geschke, David"]
[Result "1/2-1/2"]
[Termination "normal"]
[Board "1.2"]
[WhiteElo "1788"]
[BlackElo "1831"]
[WhiteClock "00:32:48"]
[BlackClock "00:01:53"]
[WhiteTeam "Schachzwerge Magdeburg"]
[BlackTeam "SG Porz"]
[PlyCount "128"]
[WhiteFideId "34634924"]
[BlackFideId "34619658"]
[EventCountry "GER"]
[EventRounds "7"]
[EventType "team-swiss"]
[EventDate "2024.12.26"]

1. d4 {[%clk 01:30:57]} {[%emt 00:00:02]} d5 {[%clk 01:30:54]} {[%emt
00:00:06]} 2. c4 {[%clk 01:31:21]} {[%emt 00:00:06]} c6 {[%clk 01:31:20]}
{[%emt 00:00:04]} 3. Nc3 {[%clk 01:31:46]} {[%emt 00:00:05]} Nf6 {[%clk
01:31:34]} {[%emt 00:00:15]} 4. e3 {[%clk 01:32:12]} {[%emt 00:00:05]} e6
{[%clk 01:31:22]} {[%emt 00:00:42]} 5. Nf3 {[%clk 01:32:35]} {[%emt 00:00:07]}
Nbd7 {[%clk 01:31:41]} {[%emt 00:00:11]} 6. Bd3 {[%clk 01:32:38]} {[%emt
00:00:27]} dxc4 {[%clk 01:32:01]} {[%emt 00:00:10]} 7. Bxc4 {[%clk 01:33:02]}
{[%emt 00:00:06]} b5 {[%clk 01:32:27]} {[%emt 00:00:05]} 8. Bd3 {[%clk
01:33:28]} {[%emt 00:00:04]} Bb7 {[%clk 01:32:48]} {[%emt 00:00:09]} 9. O-O
{[%clk 01:27:24]} {[%emt 00:06:34]} a6 {[%clk 01:29:23]} {[%emt 00:03:56]} 10.
a4 {[%clk 01:11:51]} {[%emt 00:16:02]} b4 {[%clk 01:18:48]} {[%emt 00:11:05]}
11. Ne4 {[%clk 01:09:55]} {[%emt 00:02:26]} Nxe4 {[%clk 01:18:56]} {[%emt
00:00:23]} 12. Bxe4 {[%clk 01:10:24]} {[%emt 00:00:01]} Nf6 {[%clk 01:18:58]}
{[%emt 00:00:29]} 13. Bd3 {[%clk 01:10:00]} {[%emt 00:00:54]} Bd6 {[%clk
01:17:43]} {[%emt 00:01:44]} 14. e4 {[%clk 01:07:27]} {[%emt 00:03:04]} Bc7
{[%clk 01:15:02]} {[%emt 00:03:11]} 15. Qe2 {[%clk 00:54:36]} {[%emt 00:13:20]}
h6 {[%clk 01:13:11]} {[%emt 00:02:20]} 16. Bd2 {[%clk 00:36:52]} {[%emt
00:18:14]} a5 {[%clk 01:11:57]} {[%emt 00:01:45]} 17. Rac1 {[%clk 00:32:42]}
{[%emt 00:04:40]} O-O {[%clk 01:11:07]} {[%emt 00:01:19]} 18. e5 {[%clk
00:24:06]} {[%emt 00:09:07]} Nd5 {[%clk 01:01:41]} {[%emt 00:09:56]} 19. Qe4
{[%clk 00:22:49]} {[%emt 00:01:47]} f5 {[%clk 01:00:57]} {[%emt 00:01:14]} 20.
exf6 {[%clk 00:23:10]} {[%emt 00:00:09]} Qxf6 {[%clk 00:54:59]} {[%emt
00:06:27]} 21. Ne5 {[%clk 00:21:57]} {[%emt 00:01:44]} Bxe5 {[%clk 00:51:54]}
{[%emt 00:03:34]} 22. dxe5 {[%clk 00:20:19]} {[%emt 00:02:08]} Qf5 {[%clk
00:49:30]} {[%emt 00:02:54]} 23. Qd4 {[%clk 00:20:10]} {[%emt 00:00:40]} Qf7
{[%clk 00:48:04]} {[%emt 00:01:57]} 24. f4 {[%clk 00:20:01]} {[%emt 00:00:39]}
Rad8 {[%clk 00:43:54]} {[%emt 00:04:40]} 25. Qe4 {[%clk 00:20:01]} {[%emt
00:00:30]} Qf5 {[%clk 00:43:14]} {[%emt 00:01:09]} 26. Qe2 {[%emt 00:01:52]}
Nxf4 {[%clk 00:37:04]} {[%emt 00:06:38]} 27. Bxf4 {[%clk 00:18:08]} {[%emt
00:01:04]} Qxd3 {[%clk 00:31:36]} {[%emt 00:05:58]} 28. Qg4 {[%clk 00:18:34]}
{[%emt 00:00:03]} Qf5 {[%clk 00:21:47]} {[%emt 00:10:18]} 29. Qg3 {[%clk
00:19:00]} {[%emt 00:00:06]} Rd3 {[%clk 00:17:48]} {[%emt 00:04:29]} 30. Be3
{[%clk 00:18:52]} {[%emt 00:00:38]} Qe4 {[%emt 00:05:44]} 31. Rxf8+ {[%clk
00:18:48]} {[%emt 00:00:32]} Kxf8 {[%clk 00:12:22]} {[%emt 00:00:44]} 32. Bc5+
{[%clk 00:19:16]} {[%emt 00:00:02]} Kg8 {[%clk 00:12:24]} {[%emt 00:00:28]} 33.
Qf2 {[%clk 00:18:17]} {[%emt 00:01:29]} Qxe5 {[%clk 00:05:53]} {[%emt
00:07:00]} 34. Rf1 {[%emt 00:04:12]} Rd7 {[%clk 00:04:13]} {[%emt 00:00:13]}
35. Qc2 {[%clk 00:15:39]} {[%emt 00:01:24]} Rf7 {[%clk 00:02:05]} {[%emt
00:02:38]} 36. Rd1 {[%clk 00:15:40]} {[%emt 00:00:29]} Qf5 {[%clk 00:01:58]}
{[%emt 00:00:38]} 37. Qxf5 {[%clk 00:13:03]} {[%emt 00:03:07]} Rxf5 {[%clk
00:01:38]} {[%emt 00:00:49]} 38. Rd8+ {[%clk 00:13:25]} {[%emt 00:00:09]} Kh7
{[%clk 00:01:44]} {[%emt 00:00:24]} 39. Bb6 {[%clk 00:13:40]} {[%emt 00:00:14]}
Ba6 {[%clk 00:01:40]} {[%emt 00:00:35]} 40. g3 {[%clk 00:13:33]} {[%emt
00:00:37]} Rf1+ {[%clk 00:01:29]} {[%emt 00:00:40]} 41. Kg2 {[%clk 00:13:59]}
{[%emt 00:00:05]} Rb1 {[%clk 00:30:03]} {[%emt 00:01:55]} 42. Rd2 {[%clk
00:43:32]} {[%emt 00:00:57]} Ra1 {[%clk 00:25:19]} {[%emt 00:05:14]} 43. Rd7
{[%clk 00:43:28]} {[%emt 00:00:35]} Kg6 {[%clk 00:16:04]} {[%emt 00:09:44]} 44.
Ra7 {[%clk 00:42:45]} {[%emt 00:01:13]} Bc4 {[%clk 00:10:20]} {[%emt 00:06:15]}
45. Rxa5 {[%clk 00:42:50]} {[%emt 00:00:25]} Rd1 {[%clk 00:09:21]} {[%emt
00:01:29]} 46. Be3 {[%clk 00:37:48]} {[%emt 00:05:30]} Rd7 {[%clk 00:05:41]}
{[%emt 00:04:11]} 47. Rc5 {[%clk 00:35:45]} {[%emt 00:02:34]} Ba6 {[%clk
00:01:28]} {[%emt 00:04:42]} 48. Kf3 {[%clk 00:33:59]} {[%emt 00:02:16]} Bb7
{[%clk 00:01:28]} {[%emt 00:00:30]} 49. Kf4 {[%clk 00:31:55]} {[%emt 00:02:34]}
Rd5 {[%clk 00:01:11]} {[%emt 00:00:47]} 50. Rc4 {[%clk 00:29:37]} {[%emt
00:02:48]} Rf5+ {[%clk 00:01:07]} {[%emt 00:00:33]} 51. Ke4 {[%clk 00:28:44]}
{[%emt 00:01:23]} c5+ {[%clk 00:01:00]} {[%emt 00:00:37]} 52. Kd3 {[%clk
00:29:11]} {[%emt 00:00:04]} Ba6 {[%clk 00:00:47]} {[%emt 00:00:44]} 53. b3
{[%clk 00:29:13]} {[%emt 00:00:27]} Rd5+ {[%clk 00:00:52]} {[%emt 00:00:24]}
54. Ke4 {[%clk 00:29:39]} {[%emt 00:00:04]} Bb7 {[%clk 00:00:50]} {[%emt
00:00:32]} 55. Kf4 {[%clk 00:29:53]} {[%emt 00:00:16]} Rf5+ {[%clk 00:00:56]}
{[%emt 00:00:24]} 56. Kg4 {[%clk 00:30:20]} {[%emt 00:00:03]} Bf3+ {[%clk
00:00:46]} {[%emt 00:00:40]} 57. Kh3 {[%clk 00:30:47]} {[%emt 00:00:04]} Rh5+
{[%clk 00:01:11]} {[%emt 00:00:04]} 58. Rh4 {[%clk 00:31:12]} {[%emt 00:00:05]}
Rxh4+ {[%clk 00:00:53]} {[%emt 00:00:48]} 59. gxh4 {[%clk 00:31:28]} {[%emt
00:00:14]} Bd5 {[%clk 00:01:17]} {[%emt 00:00:05]} 60. Bxc5 {[%clk 00:31:44]}
{[%emt 00:00:14]} Bxb3 {[%clk 00:01:37]} {[%emt 00:00:10]} 61. a5 {[%clk
00:32:03]} {[%emt 00:00:12]} Bc4 {[%clk 00:01:40]} {[%emt 00:00:26]} 62. Bxb4
{[%clk 00:32:28]} {[%emt 00:00:06]} h5 {[%clk 00:01:37]} {[%emt 00:00:33]} 63.
Kg3 {[%clk 00:32:42]} {[%emt 00:00:16]} Kf5 {[%emt 00:00:10]} 64. Kf3 {[%clk
00:32:48]} {[%emt 00:00:22]} g6 {[%clk 00:01:53]} {[%emt 00:00:34]} 1/2-1/2

[Event "DVM U14 2024"]
[Site "Heidelberg GER"]
[Date "2024.12.30"]
[Round "7"]
[White "Fischermann, Simon"]
[Black "Pflug, Anton"]
[Result "1/2-1/2"]
[Termination "normal"]
[Board "1.3"]
[WhiteElo "1899"]
[BlackElo "1812"]
[WhiteClock "00:23:09"]
[BlackClock "00:06:16"]
[WhiteTeam "SG Porz"]
[BlackTeam "Schachzwerge Magdeburg"]
[PlyCount "119"]
[WhiteFideId "34620869"]
[BlackFideId "34611495"]
[EventCountry "GER"]
[EventRounds "7"]
[EventType "team-swiss"]
[EventDate "2024.12.26"]

1. e4 {[%clk 01:30:57]} {[%emt 00:00:02]} e5 {[%clk 01:30:51]} {[%emt
00:00:09]} 2. Nf3 {[%clk 01:31:22]} {[%emt 00:00:05]} Nc6 {[%clk 01:31:11]}
{[%emt 00:00:11]} 3. Bc4 {[%clk 01:31:37]} {[%emt 00:00:15]} Bc5 {[%clk
01:31:33]} {[%emt 00:00:08]} 4. b4 {[%clk 01:31:38]} {[%emt 00:00:28]} Bxb4
{[%clk 01:29:29]} {[%emt 00:02:34]} 5. c3 {[%clk 01:32:06]} {[%emt 00:00:02]}
Ba5 {[%clk 01:29:40]} {[%emt 00:00:19]} 6. d4 {[%clk 01:32:29]} {[%emt
00:00:07]} d6 {[%clk 01:26:17]} {[%emt 00:03:54]} 7. Qb3 {[%clk 01:32:50]}
{[%emt 00:00:09]} Qd7 {[%clk 01:23:33]} {[%emt 00:03:13]} 8. O-O {[%clk
01:31:25]} {[%emt 00:01:56]} Bb6 {[%clk 01:21:48]} {[%emt 00:02:14]} 9. Nbd2
{[%clk 01:28:45]} {[%emt 00:03:10]} Na5 {[%clk 01:18:30]} {[%emt 00:03:48]} 10.
Qc2 {[%clk 01:29:04]} {[%emt 00:00:11]} Nxc4 {[%clk 01:17:07]} {[%emt
00:01:54]} 11. Nxc4 {[%clk 01:28:52]} {[%emt 00:00:41]} exd4 {[%clk 01:13:58]}
{[%emt 00:03:39]} 12. cxd4 {[%clk 01:28:53]} {[%emt 00:00:29]} Ne7 {[%clk
01:14:22]} {[%emt 00:00:07]} 13. Bb2 {[%clk 01:28:26]} {[%emt 00:00:56]} O-O
{[%clk 01:09:30]} {[%emt 00:05:22]} 14. d5 {[%clk 01:19:46]} {[%emt 00:09:11]}
Bc5 {[%clk 00:59:33]} {[%emt 00:10:27]} 15. Qc3 {[%clk 01:18:42]} {[%emt
00:01:33]} f6 {[%clk 00:59:54]} {[%emt 00:00:10]} 16. Nd4 {[%clk 01:18:44]}
{[%emt 00:00:28]} Qe8 {[%clk 00:59:19]} {[%emt 00:01:05]} 17. Nb3 {[%clk
01:17:48]} {[%emt 00:01:25]} b6 {[%clk 00:53:23]} {[%emt 00:06:27]} 18. Nxc5
{[%clk 01:16:06]} {[%emt 00:02:11]} bxc5 {[%clk 00:53:47]} {[%emt 00:00:08]}
19. Qa5 {[%clk 01:09:35]} {[%emt 00:07:00]} Qd8 {[%clk 00:46:17]} {[%emt
00:07:59]} 20. Rad1 {[%clk 01:08:37]} {[%emt 00:01:28]} Ng6 {[%clk 00:43:35]}
{[%emt 00:03:14]} 21. f4 {[%clk 01:05:03]} {[%emt 00:04:03]} Bg4 {[%clk
00:39:19]} {[%emt 00:04:46]} 22. Rd2 {[%clk 01:03:52]} {[%emt 00:01:42]} Qe7
{[%clk 00:29:12]} {[%emt 00:10:37]} 23. f5 {[%clk 01:00:59]} {[%emt 00:03:23]}
Qxe4 {[%clk 00:23:07]} {[%emt 00:06:35]} 24. fxg6 {[%clk 00:59:01]} {[%emt
00:02:27]} Qxc4 {[%clk 00:23:31]} {[%emt 00:00:06]} 25. gxh7+ {[%clk 00:59:14]}
{[%emt 00:00:17]} Kxh7 {[%clk 00:19:48]} {[%emt 00:04:13]} 26. Qxc7 {[%clk
00:58:26]} {[%emt 00:01:18]} Qb4 {[%clk 00:19:52]} {[%emt 00:00:27]} 27. Rdf2
{[%clk 00:56:19]} {[%emt 00:02:33]} Qb6 {[%clk 00:19:27]} {[%emt 00:00:59]} 28.
Qxb6 {[%clk 00:50:00]} {[%emt 00:06:49]} axb6 {[%clk 00:18:04]} {[%emt
00:01:53]} 29. Bc1 {[%clk 00:48:24]} {[%emt 00:02:06]} b5 {[%clk 00:16:03]}
{[%emt 00:02:31]} 30. Bf4 {[%clk 00:48:07]} {[%emt 00:00:46]} Ra6 {[%clk
00:16:09]} {[%emt 00:00:24]} 31. Re1 {[%clk 00:47:56]} {[%emt 00:00:41]} Rf7
{[%clk 00:10:44]} {[%emt 00:05:55]} 32. Re8 {[%clk 00:47:33]} {[%emt 00:00:52]}
Rd7 {[%clk 00:10:42]} {[%emt 00:00:33]} 33. h3 {[%clk 00:40:02]} {[%emt
00:08:01]} Bh5 {[%clk 00:10:04]} {[%emt 00:01:09]} 34. Rc8 {[%clk 00:38:54]}
{[%emt 00:01:37]} Bf7 {[%clk 00:06:09]} {[%emt 00:04:26]} 35. Rd2 {[%clk
00:39:05]} {[%emt 00:00:18]} Ra4 {[%clk 00:04:59]} {[%emt 00:01:42]} 36. Bg3
{[%clk 00:26:23]} {[%emt 00:13:11]} f5 {[%clk 00:02:33]} {[%emt 00:02:57]} 37.
Rc6 {[%clk 00:22:57]} {[%emt 00:03:54]} f4 {[%clk 00:02:56]} {[%emt 00:00:08]}
38. Bh2 {[%clk 00:19:36]} {[%emt 00:03:51]} g5 {[%clk 00:01:39]} {[%emt
00:01:48]} 39. g3 {[%clk 00:19:34]} {[%emt 00:00:32]} Kg6 {[%clk 00:01:19]}
{[%emt 00:00:50]} 40. Kf2 {[%clk 00:18:21]} {[%emt 00:01:42]} Kf5 {[%clk
00:01:01]} {[%emt 00:00:49]} 41. h4 {[%clk 00:17:12]} {[%emt 00:01:38]} gxh4
{[%clk 00:26:44]} {[%emt 00:04:47]} 42. gxf4 {[%clk 00:45:31]} {[%emt
00:02:11]} Ra3 {[%clk 00:25:42]} {[%emt 00:01:33]} 43. Rc8 {[%clk 00:45:29]}
{[%emt 00:00:31]} Ke4 {[%clk 00:22:34]} {[%emt 00:03:39]} 44. Rh8 {[%clk
00:45:00]} {[%emt 00:00:58]} Rh3 {[%clk 00:22:28]} {[%emt 00:00:36]} 45. Kg2
{[%clk 00:45:06]} {[%emt 00:00:22]} Rd3 {[%clk 00:22:50]} {[%emt 00:00:10]} 46.
Re2+ {[%clk 00:43:53]} {[%emt 00:01:43]} Kxd5 {[%clk 00:22:25]} {[%emt
00:00:56]} 47. f5 {[%clk 00:43:52]} {[%emt 00:00:30]} Rd4 {[%clk 00:20:27]}
{[%emt 00:02:29]} 48. f6 {[%clk 00:42:55]} {[%emt 00:01:26]} Re4 {[%clk
00:20:07]} {[%emt 00:00:50]} 49. Rxe4 {[%clk 00:43:10]} {[%emt 00:00:16]} Kxe4
{[%clk 00:20:31]} {[%emt 00:00:06]} 50. Rxh4+ {[%clk 00:43:27]} {[%emt
00:00:12]} Kf5 {[%clk 00:20:11]} {[%emt 00:00:49]} 51. Rf4+ {[%clk 00:43:52]}
{[%emt 00:00:05]} Kg5 {[%clk 00:20:17]} {[%emt 00:00:23]} 52. Rf2 {[%clk
00:44:07]} {[%emt 00:00:15]} d5 {[%clk 00:19:10]} {[%emt 00:01:38]} 53. Bg3
{[%clk 00:43:03]} {[%emt 00:01:33]} d4 {[%clk 00:19:15]} {[%emt 00:00:25]} 54.
Kf1 {[%clk 00:41:22]} {[%emt 00:02:10]} c4 {[%clk 00:17:31]} {[%emt 00:02:15]}
55. Ke2 {[%clk 00:41:34]} {[%emt 00:00:17]} c3 {[%clk 00:17:30]} {[%emt
00:00:32]} 56. Kd1 {[%clk 00:40:19]} {[%emt 00:01:44]} b4 {[%clk 00:14:43]}
{[%emt 00:03:18]} 57. Bf4+ {[%clk 00:38:50]} {[%emt 00:01:59]} Kh5 {[%clk
00:10:22]} {[%emt 00:04:51]} 58. Re2 {[%clk 00:23:17]} {[%emt 00:16:02]} d3
{[%clk 00:06:35]} {[%emt 00:04:19]} 59. Re7 {[%clk 00:22:49]} {[%emt 00:00:57]}
Rxe7 {[%clk 00:06:16]} {[%emt 00:00:50]} 60. fxe7 {[%clk 00:23:09]} {[%emt
00:00:09]} 1/2-1/2

[Event "DVM U14 2024"]
[Site "Heidelberg GER"]
[Date "2024.12.30"]
[Round "7"]
[White "Scharff, Oskar"]
[Black "Fischermann, Charlotte"]
[Result "1-0"]
[Termination "normal"]
[Board "1.4"]
[WhiteElo "1583"]
[BlackElo "1644"]
[WhiteClock "00:28:15"]
[BlackClock "01:35:46"]
[WhiteTeam "Schachzwerge Magdeburg"]
[BlackTeam "SG Porz"]
[PlyCount "95"]
[WhiteFideId "34634428"]
[BlackFideId "34619690"]
[EventCountry "GER"]
[EventRounds "7"]
[EventType "team-swiss"]
[EventDate "2024.12.26"]

1. e4 {[%clk 01:30:55]} {[%emt 00:00:04]} d5 {[%clk 01:30:48]} {[%emt
00:00:13]} 2. exd5 {[%clk 01:31:16]} {[%emt 00:00:10]} Nf6 {[%clk 01:31:12]}
{[%emt 00:00:05]} 3. d4 {[%clk 01:31:26]} {[%emt 00:00:20]} Qxd5 {[%clk
01:31:11]} {[%emt 00:00:31]} 4. Nc3 {[%clk 01:31:24]} {[%emt 00:00:32]} Qd8
{[%clk 01:31:15]} {[%emt 00:00:26]} 5. Nf3 {[%clk 01:31:22]} {[%emt 00:00:31]}
Bg4 {[%clk 01:31:13]} {[%emt 00:00:32]} 6. h3 {[%clk 01:29:30]} {[%emt
00:02:23]} Bh5 {[%clk 01:31:22]} {[%emt 00:00:20]} 7. Be2 {[%clk 01:26:56]}
{[%emt 00:03:05]} e6 {[%clk 01:31:08]} {[%emt 00:00:44]} 8. O-O {[%clk
01:26:37]} {[%emt 00:00:49]} a6 {[%clk 01:30:02]} {[%emt 00:01:36]} 9. Bf4
{[%clk 01:22:01]} {[%emt 00:05:04]} Bd6 {[%clk 01:29:18]} {[%emt 00:01:15]} 10.
Bxd6 {[%clk 01:21:47]} {[%emt 00:00:45]} Qxd6 {[%clk 01:29:08]} {[%emt
00:00:41]} 11. Ne5 {[%clk 01:13:06]} {[%emt 00:09:11]} Bxe2 {[%clk 01:29:00]}
{[%emt 00:00:38]} 12. Nxe2 {[%clk 01:13:28]} {[%emt 00:00:08]} Nc6 {[%clk
01:29:11]} {[%emt 00:00:19]} 13. Nxc6 {[%clk 01:12:48]} {[%emt 00:01:11]} Qxc6
{[%clk 01:29:20]} {[%emt 00:00:21]} 14. c3 {[%clk 01:11:11]} {[%emt 00:02:07]}
Nd5 {[%clk 01:27:38]} {[%emt 00:02:12]} 15. Qd3 {[%clk 01:06:32]} {[%emt
00:05:05]} O-O {[%clk 01:27:18]} {[%emt 00:00:54]} 16. Rfe1 {[%clk 01:03:46]}
{[%emt 00:03:16]} Rad8 {[%clk 01:25:29]} {[%emt 00:02:19]} 17. Qg3 {[%clk
00:59:41]} {[%emt 00:04:33]} Qd6 {[%clk 01:24:09]} {[%emt 00:01:52]} 18. Qd3
{[%clk 00:59:00]} {[%emt 00:01:04]} Qe7 {[%clk 01:21:07]} {[%emt 00:03:38]} 19.
Qf3 {[%clk 00:50:39]} {[%emt 00:08:49]} Qf6 {[%clk 01:19:19]} {[%emt 00:02:22]}
20. Qg3 {[%clk 00:45:56]} {[%emt 00:05:05]} Rc8 {[%clk 01:17:48]} {[%emt
00:02:08]} 21. Qd3 {[%clk 00:37:52]} {[%emt 00:08:30]} Rfd8 {[%clk 01:16:34]}
{[%emt 00:01:48]} 22. Ng3 {[%clk 00:37:38]} {[%emt 00:00:42]} Qg6 {[%clk
01:13:35]} {[%emt 00:03:31]} 23. Qxg6 {[%clk 00:36:16]} {[%emt 00:01:52]} hxg6
{[%clk 01:13:17]} {[%emt 00:00:48]} 24. Ne4 {[%clk 00:35:40]} {[%emt 00:01:05]}
b6 {[%clk 01:11:25]} {[%emt 00:02:23]} 25. Rad1 {[%clk 00:31:30]} {[%emt
00:04:37]} Nf6 {[%clk 01:10:31]} {[%emt 00:01:26]} 26. Kf1 {[%clk 00:28:37]}
{[%emt 00:03:24]} Rd7 {[%clk 01:08:56]} {[%emt 00:02:05]} 27. Nxf6+ {[%clk
00:25:21]} {[%emt 00:03:47]} gxf6 {[%clk 01:08:30]} {[%emt 00:00:55]} 28. Re2
{[%clk 00:24:53]} {[%emt 00:00:57]} Rcd8 {[%clk 01:08:43]} {[%emt 00:00:18]}
29. Red2 {[%clk 00:25:10]} {[%emt 00:00:14]} e5 {[%clk 01:07:37]} {[%emt
00:01:36]} 30. Ke2 {[%clk 00:19:39]} {[%emt 00:06:01]} Kf8 {[%clk 01:06:32]}
{[%emt 00:01:34]} 31. dxe5 {[%clk 00:17:14]} {[%emt 00:02:56]} Rxd2+ {[%clk
01:06:52]} {[%emt 00:00:10]} 32. Rxd2 {[%clk 00:17:37]} {[%emt 00:00:06]} Rxd2+
{[%clk 01:06:39]} {[%emt 00:00:44]} 33. Kxd2 {[%clk 00:18:02]} {[%emt
00:00:05]} fxe5 {[%clk 01:07:04]} {[%emt 00:00:05]} 34. Ke3 {[%clk 00:18:00]}
{[%emt 00:00:32]} Ke7 {[%clk 01:07:20]} {[%emt 00:00:14]} 35. f4 {[%clk
00:14:37]} {[%emt 00:03:53]} Ke6 {[%clk 01:07:19]} {[%emt 00:00:30]} 36. fxe5
{[%clk 00:14:48]} {[%emt 00:00:19]} Kxe5 {[%clk 01:07:39]} {[%emt 00:00:10]}
37. h4 {[%clk 00:13:58]} {[%emt 00:01:21]} Kf5 {[%clk 01:07:30]} {[%emt
00:00:39]} 38. Kf3 {[%clk 00:12:33]} {[%emt 00:01:55]} g5 {[%clk 01:07:06]}
{[%emt 00:00:53]} 39. g4+ {[%clk 00:05:49]} {[%emt 00:07:14]} Kf6 {[%clk
01:07:06]} {[%emt 00:00:29]} 40. h5 {[%clk 00:03:30]} {[%emt 00:02:50]} Kg7
{[%clk 01:07:16]} {[%emt 00:00:20]} 41. Ke4 {[%clk 00:03:34]} {[%emt 00:00:27]}
Kf6 {[%clk 01:06:25]} {[%emt 00:01:20]} 42. Kd5 {[%clk 00:28:30]} {[%emt
00:05:34]} Kg7 {[%clk 01:36:19]} {[%emt 00:00:36]} 43. Ke5 {[%clk 00:28:28]}
{[%emt 00:00:32]} c5 {[%clk 01:36:21]} {[%emt 00:00:28]} 44. Kf5 {[%clk
00:27:55]} {[%emt 00:01:03]} f6 {[%clk 01:36:45]} {[%emt 00:00:06]} 45. Ke6
{[%clk 00:28:15]} {[%emt 00:00:11]} a5 {[%clk 01:36:51]} {[%emt 00:00:24]} 46.
c4 {[%clk 00:27:44]} {[%emt 00:01:00]} a4 {[%clk 01:37:10]} {[%emt 00:00:11]}
47. a3 {[%clk 00:28:07]} {[%emt 00:00:07]} Kh7 {[%clk 01:35:46]} {[%emt
00:01:52]} 48. Kxf6 {[%clk 00:28:15]} {[%emt 00:00:24]} 1-0